000 00475pab a2200169 454500
008 180718b2003 xxu||||| |||| 00| 0 eng d
100 _aEdin, Per-Auders
245 _aEthnic enclaves and the economic success of immigrants - evidence from a natural experiment
260 _c2003
300 _ap.329-57.
362 _aFeb
650 _aImmigrants
700 _aAslund, Olof
700 _aFredriksson, Peter
773 _aQuarterly Journal of Economics
909 _a56776
999 _c56776
_d56776